[Event "Høstturneringen 2016 (Follo 20 år)"]
[Site "Ås, Akershus NOR"]
[Date "2016.10.13"]
[Round "5"]
[White "Moberg, Jan Rune"]
[Black "Støle, Andreas"]
[Result "0-1"]
[WhiteElo "1503"]
[BlackElo "1595"]
[Annotator "Støle, Andreas"]
[PlyCount "66"]
[EventDate "2016.09.01"]

1. d4 Nf6 2. c4 e6 3. g3 Bb4+ 4. Bd2 Be7 5. Qc2 c5 6. dxc5 Bxc5 7. Nc3 Nc6 8.
Nf3 d5 9. Bg2 O-O 10. O-O {Both players have castled, White has connected
rooks, but he needs to find a way to develope his dark-squared bishop. Black
needs to find a way to develope his light-squared bishop.} h6 {In this
position this move is helpful to keep White's dark-squared bishop at d2.} 11.
Rad1 Qe7 12. a3 dxc4 13. Na4 Bd6 (13... b5 $6 14. Nxc5 Qxc5 15. Ne5 Nd5 16.
Nxc6 Qxc6 17. e4 Nf6 18. Bf4 {And White has the bishop pair as compensation
for the pawn}) 14. Qxc4 Rb8 15. Nc3 Bd7 16. Nb5 Bc5 17. Rc1 Bb6 {The position
is about equal} 18. e4 Rfc8 19. Qe2 e5 {Blacks bishop's are better than
White's, this gives Black a slight advantage} 20. h3 a6 21. Nc3 Nd4 22. Nxd4 $2
exd4 23. Na2 Bb5 24. Qf3 Bxf1 25. Rxf1 Rc2 26. Bf4 Rd8 27. Qb3 $1 Qc5 28. Nb4 (
28. Nc3 Rxb2 29. Qxb2 dxc3 $17) 28... Rc4 (28... Re2 29. Bf3 Rxe4 30. Bxe4 Nxe4
) 29. e5 Nh5 30. Bxb7 Nxf4 31. gxf4 Rc1 32. Bxa6 $2 (32. Nxa6 Rxf1+ 33. Kxf1
Qc1+ 34. Kg2 Qxf4 35. Qxb6 Qg5+ 36. Kh1 d3 37. Qe3 Qxe3 38. fxe3 d2 39. Bf3 Rd3
$17) 32... Rxf1+ 33. Bxf1 d3 $1 {White cant stop the pawn and defend f2 from
the deadly attack} 0-1

[Event "Høstturneringen 2016 (Follo 20 år)"]
[Site "Ås, Akershus NOR"]
[Date "2016.10.13"]
[Round "5"]
[White "Lea, Per"]
[Black "Fuglseth, Jan"]
[Result "1-0"]
[WhiteElo "1533"]
[BlackElo "1478"]
[Annotator "Lea, Per"]
[PlyCount "37"]
[EventDate "2016.09.01"]

1. e4 e6 {Svart er frankofil - i hvert fall i sjakksammenheng de siste årene.
Derfor var dette ingen overraskelse.} 2. d4 d5 3. Nc3 Bb4 4. e5 c5 5. a3 Bxc3+
6. bxc3 cxd4 {Av ca 10 000 partier på ChessBase.com er dette trekket spilt 3 -
tre - ganger. Det virker ulogisk å fjerne spenningen i sentrum og samtidig la
hvit kvitte seg med dobbeltbonden.} ({Det vanligste i denne stillingen er} 6...
Ne7 {selv om det gå helt galt som i Per Lea - Øistein Rustad, Østlandsserien
1982/1983:} 7. Qg4 Qc7 8. Qxg7 Rg8 9. Qxh7 cxd4 10. Ne2 Nbc6 11. f4 Bd7 12. Qd3
dxc3 13. Nxc3 a6 {Så langt har begge spilt det vanligste trekket i databasen
på ChessBase.} 14. g3 (14. Rb1 {eller}) (14. Ne2 {er de to desidert vanligste
trekkene her, med ca 120 partier hver. Teksttrekket er spilt en eneste gang,
med remis som resultat.}) 14... Nf5 15. Bg2 {Virker naturlig for meg, men
Stockfish er uenig.} (15. Bh3 {med trussel om å vinne en sentrumsbonde
tiltalte meg sannsynligvis ikke. Etter 100% score på 5 partier (mot sterk
motstand!) i Østlandsserien så langt, følte jeg meg på et høyere plan enn dem
som går på bonderov....}) 15... Rc8 16. Bd2 Na5 $2 {Vil sette seg fast på
Gullfaksfeltet c4, men overser hvits svar.} 17. Bxd5 Rd8 $2 {Fra vondt til
verre!} 18. Ne4 Rg7 19. Nf6+ Kf8 20. Qxf5 $3 {og svart ga opp etter lang
betenkningstid og stadig økende rødme. Han blir matt etter} exf5 21. Bb4+ Qd6
22. Bxd6#) 7. cxd4 Ne7 8. Qg4 {Her er nok ikke trekket like sterkt som i de
variantene hvor svart ikke har byttet av på d4. Men gammel vane er vond å
vende: jeg tror jeg har spilt Dg4-varianten mot fransk siden tidenes morgen.}
O-O ({Langt sterkere er} 8... Qc7 {som tvinger hvit til å gi c-bonden. Å
gardere den med kongen er neppe godt, og et tårn til a2 ser direkte heslig ut.}
) 9. Bd3 Ng6 $2 ({Svart burde nok prioritert utvikling av dronningfløyen, f.
eks.} 9... Nbc6 {siden} 10. Bh6 Ng6 {er helt ufarlig.} 11. h4 f5 12. exf6 gxh6
13. Bxg6 Qxf6 14. Bh5+ Kh8 15. Qf3 Qg7 {vurderes som klart fordelaktig for
svart av Stockfish.}) 10. Nf3 f5 $2 {Nå begynner hvits fordel å gjøre seg
gjeldende, selv om å slå en passant ville vært bedre enn å trekke madam'en
bakover.} 11. Qg3 (11. exf6 Qxf6 12. Qh5 Nd7 13. O-O Qf7 14. Ng5 Nf6 15. Qe2
Qc7 {og min egen vurdering er at svart har mer motspill enn jeg liker, men det
er mulig svakheten på e6 kan utnyttes av hvit.}) 11... Qc7 12. Bd2 Bd7 13. h4
Be8 14. h5 Nh8 $2 ({Et merkelig trekk, men svart overså at matten er dekket
etter} 14... Ne7 15. Bh6 Nec6) 15. Ng5 {Ser greit ut for meg.} ({Stockfish
påstår at} 15. h6 g6 16. Bb4 Rf7 17. O-O {er mye bedre for hvit.}) 15... Qb6
16. Bb4 $1 {Tillater slag på d4 med etterfølgende trussel mot tårnet på a1,
men en kort rokade løser alle hvits problemer og svart er i virkelig trøbbel.}
Qxd4 17. O-O $2 {Langt fra det beste!} (17. Nxe6 $3 Qg4 (17... Qxa1+ $4 18. Kd2
Qxh1 19. Qxg7#) 18. Qxg4 fxg4 19. Nxf8 {er reint tårn over for hvit.}) 17...
Qb6 (17... f4 $4 18. Bxh7# {hadde vært en morsom avslutning!}) (17... Nc6 18.
Bxf8 Kxf8 19. Nxe6+ {er totalt drepende.}) 18. Bxf8 Kxf8 19. Nxh7+ {Og svart
ga opp. Selv om det "bare" er kvalitet over for hvit, så er den svarte
stillingen i ruiner} 1-0

[Event "Høstturneringen 2016 (Follo 20 år)"]
[Site "Ås, Akershus NOR"]
[Date "2016.10.13"]
[Round "5"]
[White "Ruud, Kjetil"]
[Black "Johnson, David"]
[Result "1-0"]
[WhiteElo "1446"]
[BlackElo "1443"]
[PlyCount "77"]
[EventDate "2016.09.01"]

1. e4 e5 2. Nf3 Nc6 3. d4 exd4 4. Bc4 Bb4+ 5. c3 Ba5 6. Nxd4 Qe7 7. O-O Ne5 8.
Bb3 d6 9. f4 Ng6 10. Nd2 Nh6 11. Nc4 Bb6 12. Nxb6 axb6 13. Nf5 Nxf5 14. exf5
Bxf5 15. Re1 Be6 16. f5 O-O 17. fxe6 fxe6 18. Bxe6+ Kh8 19. Bd5 Qh4 20. g3 Qd8
21. Bxb7 Ra5 22. Rf1 Re8 23. Bf4 Qd7 24. Qf3 Rf8 25. Bc6 Qd8 26. Qe3 h6 27.
Bxh6 Ne5 28. Bg5 Nf3+ 29. Rxf3 Rxf3 30. Qxf3 Rxg5 31. Re1 Re5 32. Rxe5 dxe5 33.
Qh5+ Kg8 34. Qxe5 Qd1+ 35. Kf2 Qc2+ 36. Qe2 Qf5+ 37. Kg2 Qc5 38. Qe8+ Kh7 39.
Be4+ 1-0

[Event "Høstturneringen 2016 (Follo 20 år)"]
[Site "Ås, Akershus NOR"]
[Date "2016.10.13"]
[Round "5"]
[White "Rønbeck, Bjørn"]
[Black "Kielland-Lund, Jon"]
[Result "0-1"]
[WhiteElo "1122"]
[BlackElo "1500"]
[Annotator "Kielland-Lund,Jon"]
[PlyCount "54"]
[EventDate "2016.09.01"]

1. c4 c6 2. Nc3 d5 3. d4 dxc4 4. e4 b5 5. e5 {Ikke det vanligste....} e6 6. g3
Bb7 7. Bg2 Qc7 {Bedre er Dd7 som observerer b-bonden} 8. Nf3 Ne7 9. O-O Nd5 10.
Ne4 Nd7 {h6 hindrer offervarianter på f7, men ingen var så gode at de så dette.
...} 11. a3 c5 12. dxc5 Nxc5 13. Nxc5 Bxc5 14. b4 Be7 {Etter c5 fikk svart
stor fordel.} 15. Qc2 h6 16. Re1 a6 {a5 er sjanserikt} 17. Be3 Nxe3 18. Rxe3
O-O 19. h4 Rad8 {Fordelen øker...} 20. g4 {?} Bxf3 21. Bxf3 Bxh4 22. Kg2 Rd4
23. Re4 Rfd8 24. Rxd4 Rxd4 25. Re1 Qd7 {Heller Lg5} 26. Be2 Qd5+ 27. Bf3 Rxg4+
{Oppgitt. Det er matt i 10 iht. Critter.} 0-1

[Event "Høstturneringen 2016 (Follo 20 år)"]
[Site "Ås, Akershus NOR"]
[Date "2016.10.13"]
[Round "5"]
[White "Furnes, Torstein"]
[Black "Sandvik, Sander"]
[Result "1-0"]
[WhiteElo "1610"]
[BlackElo "1127"]
[Annotator "Furnes, Torstein"]
[PlyCount "51"]
[EventDate "2016.09.01"]

1. d4 Nf6 2. c4 e6 3. Nc3 Bb4 4. Qc2 c5 5. dxc5 Bxc5 6. Nf3 O-O 7. Bg5 Be7 8.
e3 h6 9. Bf4 (9. Bh4 {er mye vanligere.}) 9... b6 10. Be2 Bb7 11. O-O d6 12.
Rfd1 a6 13. h3 ({Fritz vil heller spille} 13. e4 $16) 13... Qc7 14. Rd2 Nbd7
15. Rad1 e5 16. Bh2 Rac8 17. Rc1 ({Fritz foretrekker} 17. Nh4 {for å erobre
det gode f5-feltet. Dersom svart prøver} g6 {kan hvit spille} 18. Nxg6 fxg6 19.
Qxg6+ Kh8 20. Qxh6+ {Hvit har fått tre bønder for springeren, og svarts
kongestilling er litt luftig. Fritz vurderer stillingen som hvit fordel på +0.
9.}) 17... Kh8 (17... Bxf3 $6 18. Bxf3 Qxc4 $2 {ville vært dårlig pga} 19. Nd5
$1) 18. b3 Qc5 19. Ne1 Rfd8 20. Nd3 Qc7 (20... Qc6) 21. Nb4 Qc5 22. Nbd5 Nxd5
23. Nxd5 Bg5 $2 $18 ({Fritz mener at svart må spille} 23... Bxd5) 24. Bf3 ({
Bedre er} 24. b4 Qc6 25. Bf3 $18) 24... Nf6 $4 25. Nxf6 Bxf3 $4 26. Qh7# 1-0

[Event "Høstturneringen 2016 (Follo 20 år)"]
[Site "Ås, Akershus NOR"]
[Date "2016.10.13"]
[Round "5"]
[White "Bakken, Svein-Erik"]
[Black "Bø, Martin"]
[Result "1/2-1/2"]
[WhiteElo "1347"]
[BlackElo "1191"]
[PlyCount "80"]
[EventDate "2016.09.01"]

1. d4 Nf6 2. c4 e6 3. Nc3 Bb4 4. Nf3 O-O 5. Bg5 h6 6. Bh4 c5 7. dxc5 Na6 8. e3
Bxc3+ 9. bxc3 Nxc5 10. Be2 b6 11. O-O Bb7 12. Nd4 g5 13. Bg3 Nfe4 14. Rc1 Nxg3
15. hxg3 d5 16. cxd5 Bxd5 17. c4 Be4 18. Bf3 Qc7 19. Bxe4 Nxe4 20. Qc2 Nc5 21.
Nb3 Rac8 22. Nxc5 Qxc5 23. Qb2 Qe7 24. Rfd1 Rc5 25. Rd4 Qf6 26. Rcd1 Rxc4 27.
R1d2 Rxd4 28. Rxd4 Kg7 29. Qd2 Re8 30. Rd7 Re7 31. Rd8 Rc7 32. Qd6 Qa1+ 33. Kh2
Rc1 34. Qf8+ Kg6 35. g4 Rh1+ 36. Kg3 Qe5+ 37. Kf3 Qf6+ 38. Kg3 Qe5+ 39. Kf3
Qf6+ 40. Kg3 Qe5+ 1/2-1/2

[Event "Høstturneringen 2016 (Follo 20 år)"]
[Site "Ås, Akershus NOR"]
[Date "2016.11.05"]
[Round "5"]
[White "Thowsen, Alf Geir"]
[Black "Garmark, Vegard"]
[Result "1-0"]
[WhiteElo "1161"]
[BlackElo "1201"]
[PlyCount "87"]
[EventDate "2016.09.01"]

1. e4 e5 2. Nf3 Nf6 3. Nc3 Nc6 4. Bc4 Be7 5. a3 O-O 6. d3 d6 7. h3 Be6 8. Be3
Bxc4 9. dxc4 Qd7 10. O-O Nd8 11. Nd5 Ne6 12. Nxe5 Qd8 13. Nxf6+ Bxf6 14. Nd3
Re8 15. Rb1 Ng5 16. Bxg5 Bxg5 17. Re1 Qf6 18. Qg4 Re6 19. f4 Qd4+ 20. Kh1 Bh6
21. f5 Re7 22. e5 Qxg4 23. hxg4 dxe5 24. Nxe5 Rd8 25. Nf3 Rxe1+ 26. Rxe1 f6 27.
Kg1 Bf4 28. Kf2 Kf8 29. g3 Be5 30. Nxe5 fxe5 31. Rxe5 Rd4 32. b3 Rxg4 33. Kf3
Rd4 34. Rd5 Rxd5 35. cxd5 Ke7 36. c4 Kd6 37. Ke4 h5 38. b4 a5 39. c5+ Kd7 40.
Ke5 axb4 41. axb4 Ke7 42. b5 b6 43. c6 Kf7 44. d6 1-0

[Event "Høstturneringen 2016 (Follo 20 år)"]
[Site "Ås, Akershus NOR"]
[Date "2016.10.13"]
[Round "5"]
[White "Simonsen, Steinar"]
[Black "Lange, Holger"]
[Result "0-1"]
[WhiteElo "1272"]
[BlackElo "1624"]
[Annotator "Lange,Holger"]
[PlyCount "72"]
[EventDate "2016.09.01"]

1. c4 Nf6 2. Nf3 e6 3. d4 d5 4. cxd5 Nxd5 $2 (4... exd5 5. Nc3 Bb4 6. Bg5 Nbd7
7. e3 c5 {er hovedvariant}) 5. e4 Nf6 $6 (5... Nb6) 6. Nc3 Bb4 7. Bd3 O-O 8.
O-O c5 $2 {Hvit står best her} 9. dxc5 $2 Bxc5 10. Bg5 $6 (10. e5 $1 Nfd7 11.
Bxh7+ $1 Kxh7 12. Ng5+ Kg6 13. Qc2+ f5 14. exf6+ Kxf6 15. Re1 {og svart kan gi
opp}) 10... Be7 11. Qc2 h6 12. Bxf6 Bxf6 13. e5 Be7 14. Rad1 Qc7 $4 (14... Qa5
{med kun liten fordel for hvit}) 15. Nb5 $2 (15. Nd5 Qd8 16. Nc7 {og game over}
) 15... Qxc2 16. Bxc2 Nc6 17. Rd3 $6 {Hvit trodde han hadde matt trussel her.
Det stemmer visstnok skulle tårnet blir en dame...} Nb4 18. Rc3 Bd7 19. a4 a6
20. Nd6 Nd5 $6 {hvorfor så komplisert} (20... Nxc2 21. Rxc2 Bxa4 22. Rc7 Bxd6
23. exd6 Rad8 24. Rxb7 Rxd6 {med vunnet sluttspill}) 21. Rc4 Bc6 22. Nd4 Bxd6
23. exd6 Nb6 24. Rb4 Nd5 25. Nxc6 Nxb4 26. Nxb4 Rfd8 27. Rd1 Rac8 28. h3 $4 {
Tapstrekket (kanskje ikke det først i partiet)} (28. Bb3 a5 29. d7 Rc7 30. Nd3
Rcxd7 31. Bc4 $11) 28... Rc4 29. b3 Rxb4 30. f3 Rb6 31. d7 Kf8 32. a5 Rb5 33.
b4 Rxb4 34. Be4 Ke7 35. Rd2 Rxd7 36. Rc2 $2 f5 {og ytterligere en offiser
ryker. Hvit ga opp.} 0-1

[Event "Høstturneringen 2016 (Follo 20 år)"]
[Site "Ås, Akershus NOR"]
[Date "2016.10.13"]
[Round "5"]
[White "Samset, Jon"]
[Black "Brenden, Torbjørn"]
[Result "0-1"]
[WhiteElo "1077"]
[BlackElo "1417"]
[PlyCount "100"]
[EventDate "2016.09.01"]

1. Nf3 d5 2. g3 Nf6 3. Bg2 e6 4. a3 c5 5. O-O Be7 6. d4 cxd4 7. Nxd4 O-O 8. Bg5
Nbd7 9. Bxf6 Nxf6 10. b4 Qc7 11. Qd3 a6 12. Nd2 Bd7 13. Rac1 b5 14. e4 dxe4 15.
Nxe4 Rac8 16. Nxf6+ Bxf6 17. Be4 h6 18. Rfd1 Bxd4 19. Qxd4 Bc6 20. Bxc6 Qxc6
21. Qh4 Qc3 22. Rd3 Qb2 23. Rdd1 Qxa3 24. Ra1 Qf3 25. Rd2 Qc3 26. Rad1 f6 27.
Qg4 e5 28. Qe6+ Kh8 29. Qe7 Rce8 30. Qb7 Qc8 31. Qxc8 Rxc8 32. Ra1 Rc6 33. Rd7
Rfc8 34. Ra7 Rxc2 35. R7xa6 Rc1+ 36. Rxc1 Rxc1+ 37. Kg2 Rb1 38. Kf3 Rxb4 39.
Ke3 Kh7 40. Kd3 Rb2 41. Ke3 Kg6 42. h4 h5 43. Rb6 Rb1 44. Ke4 b4 45. Kd3 b3 46.
Kd2 b2 47. Kc2 Rf1 48. Rxb2 Rxf2+ 49. Kc1 Rxb2 50. Kxb2 Kf5 0-1

[Event "Høstturneringen 2016 (Follo 20 år)"]
[Site "Ås, Akershus NOR"]
[Date "2016.10.18"]
[Round "5"]
[White "Midtgard, Anders"]
[Black "Lange, Magnus Øyvind"]
[Result "1-0"]
[WhiteElo "1105"]
[BlackElo "843"]
[PlyCount "63"]
[EventDate "2016.09.01"]

1. e4 e5 2. Nf3 Nc6 3. Bb5 d6 4. d4 Bg4 5. O-O Nf6 6. Bxc6+ bxc6 7. dxe5 Bxf3
8. Qxf3 dxe5 9. Nc3 Be7 10. Rd1 Qb8 11. Qg3 g6 12. Qxe5 Rg8 13. Bg5 Qxb2 14.
Bxf6 Qb4 15. Rab1 Qc5 16. Qxe7+ Qxe7 17. Bxe7 Kxe7 18. Rb7 Rgc8 19. f4 a6 20.
Na4 Rab8 21. Rdb1 Ra8 22. Rd1 Rab8 23. Rxb8 Rxb8 24. Nc5 Rb2 25. Rd7+ Ke8 26.
Rxc7 Rxc2 27. Rxc6 Ke7 28. h3 Kf8 29. Nd7+ Ke8 30. Rxc2 Kxd7 31. Kf2 Ke6 32.
Ke3 1-0

[Event "Høstturneringen 2016 (Follo 20 år)"]
[Site "Ås, Akershus NOR"]
[Date "2016.10.20"]
[Round "6"]
[White "Støle, Andreas"]
[Black "Lea, Per"]
[Result "1/2-1/2"]
[WhiteElo "1595"]
[BlackElo "1533"]
[Annotator "Støle, Andreas"]
[PlyCount "42"]
[EventDate "2016.09.01"]

1. e4 e5 2. f4 exf4 3. Bc4 Qh4+ 4. Kf1 d6 5. Nf3 Bg4 6. Nc3 Qd8 7. d4 g5 8. h4
gxh4 9. Bxf4 Nd7 10. Qd3 Nb6 11. Ng5 (11. Bb3) 11... Nxc4 12. Qxc4 Qd7 13. Re1
(13. Rxh4 O-O-O 14. d5) 13... Nh6 14. Rxh4 (14. Nd5 O-O-O 15. Nf6 Qe7) 14...
O-O-O 15. Nf3 Ng8 16. e5 (16. d5) 16... d5 17. Qd3 h6 18. Rh1 (18. e6 Bxe6 19.
Nb5 $1) 18... Ne7 19. Bg3 Nf5 20. Bf2 Bg7 21. Nh4 Nxh4 1/2-1/2

[Event "Høstturneringen 2016 (Follo 20 år)"]
[Site "Ås, Akershus NOR"]
[Date "2016.10.20"]
[Round "6"]
[White "Moberg, Jan Rune"]
[Black "Ruud, Kjetil"]
[Result "1-0"]
[WhiteElo "1503"]
[BlackElo "1446"]
[PlyCount "105"]
[EventDate "2016.09.01"]

1. d4 Nc6 2. Nf3 e6 3. g3 Nf6 4. Bg2 Ne7 5. c4 Ng6 6. O-O c6 7. Bg5 d5 8. Ne5
h6 9. Nxg6 fxg6 10. Bxf6 Qxf6 11. e4 dxc4 12. d5 Bd7 13. Nd2 b5 14. dxc6 Bc8
15. a4 (15. e5 Qxe5 16. c7 $18) 15... Ba6 16. Qc2 e5 17. Nf3 Bb4 18. Rfd1 O-O
19. Rd5 Qxc6 20. axb5 Bxb5 21. Nxe5 Qb6 22. Rad1 Bc5 23. Nd3 Rac8 24. Nxc5 Rxc5
25. Rd6 Rc6 26. e5 Rxd6 27. Rxd6 Qc5 28. Bd5+ Kh8 29. Kg2 Qd4 30. f4 g5 31. Bg8
Bc6+ 32. Kh3 Qe4 33. Qxe4 Bxe4 34. Bxc4 gxf4 35. gxf4 Rxf4 36. Kg3 Rf5 37. e6
Rg5+ $18 (37... g5 $14) 38. Kf4 Bg6 39. e7 (39. Bd3) 39... Rf5+ 40. Kg3 Rg5+
41. Kf4 Rf5+ 42. Ke4 Rf6+ 43. Ke5 Rxd6 44. Kxd6 Be8 45. Be6 g5 46. Bd7 Bf7 47.
e8=Q+ Bxe8 48. Bxe8 Kg7 49. Ke6 a5 50. b3 Kf8 51. Bh5 Kg7 52. h3 Kh7 53. Kf6
1-0

[Event "Høstturneringen 2016 (Follo 20 år)"]
[Site "Ås, Akershus NOR"]
[Date "2016.10.20"]
[Round "6"]
[White "Lange, Holger"]
[Black "Kielland-Lund, Jon"]
[Result "0-1"]
[WhiteElo "1624"]
[BlackElo "1500"]
[PlyCount "130"]
[EventDate "2016.09.01"]

1. e4 c6 2. d4 d5 3. exd5 cxd5 4. Bd3 Nc6 5. Nf3 Qc7 6. c3 Bg4 7. Be3 Nf6 8.
Nbd2 e6 9. Qa4 Bd6 10. O-O O-O 11. Rac1 a6 12. Qc2 h6 13. h3 Bxf3 14. Nxf3 b5
15. Qe2 Rfb8 16. Bb1 Ne4 17. Nd2 f5 18. Nxe4 fxe4 19. Qg4 Kh8 20. Qxe6 Ne7 21.
f3 Rb6 22. Qg4 Bh2+ 23. Kh1 Rg6 24. Qh5 Qg3 25. Rf2 Rf8 26. Qe5 Qxf2 27. Bxf2
Bxe5 28. dxe5 Re6 29. Bd4 exf3 30. gxf3 Rxf3 31. Kg2 Rf8 32. Re1 Nc6 33. Kg3
Nxd4 34. cxd4 g5 35. Rc1 Rf4 36. Rc8+ Kg7 37. Rc7+ Kf8 38. Rc8+ Ke7 39. Rh8
Rxd4 40. Rh7+ Kf8 41. Rh8+ Ke7 42. Rh7+ Kd8 43. Rh8+ Kc7 44. Rh7+ Kb6 45. Bf5
Rxe5 46. Rxh6+ Kc5 47. Bd7 Rd2 48. Rxa6 Rxb2 49. Rc6+ Kb4 50. Rb6 d4 51. Be6 d3
52. Bb3 Rxb3 53. axb3 Kxb3 54. Rd6 Kc2 55. Rc6+ Kd1 56. Kf2 d2 57. Rc8 b4 58.
Rb8 Kc2 59. Rc8+ Kb2 60. Rd8 Kc3 61. Rc8+ Kd4 62. Rd8+ Rd5 63. Rxd5+ Kxd5 64.
Ke2 Ke4 65. Kxd2 Kf3 0-1

[Event "Høstturneringen 2016 (Follo 20 år)"]
[Site "Ås, Akershus NOR"]
[Date "2016.10.20"]
[Round "6"]
[White "Johnson, David"]
[Black "Bakken, Svein-Erik"]
[Result "0-1"]
[WhiteElo "1443"]
[BlackElo "1347"]
[PlyCount "64"]
[EventDate "2016.09.01"]

1. e4 c5 2. Nc3 Nc6 3. Bc4 e6 4. f4 a6 5. a3 b5 6. Ba2 Bb7 7. d3 Nge7 8. Nf3
Nd4 9. O-O Nec6 10. Ng5 Be7 11. Nxf7 Kxf7 12. f5 Rf8 13. fxe6+ Kg8 14. exd7+
Kh8 15. Nd5 Ne5 16. c3 Ndc6 17. Be3 Nxd7 18. Bf4 Rc8 19. Qd2 Nce5 20. Ne3 Ng6
21. Bg3 Bh4 22. Bd6 Be7 23. Bg3 Bh4 24. Nf5 Bxg3 25. Nxg3 Nf6 26. Qe3 Qc7 27.
Qg5 Rfe8 28. Nf5 (28. Rxf6 $1 gxf6 29. Qxf6+ Qg7 30. Qxg7+ Kxg7 31. Nf5+ Kh8
32. Nd6 $15) 28... c4 29. e5 Rxe5 30. d4 Re2 31. Rf3 Bxf3 32. gxf3 Qxh2+ 0-1

[Event "Høstturneringen 2016 (Follo 20 år)"]
[Site "Ås, Akershus NOR"]
[Date "2016.10.20"]
[Round "6"]
[White "Brenden, Torbjørn"]
[Black "Thowsen, Alf Geir"]
[Result "1/2-1/2"]
[WhiteElo "1417"]
[BlackElo "1161"]
[Annotator "Brenden,Torbjørn"]
[PlyCount "141"]
[EventDate "2016.09.01"]

1. e4 e6 2. Nf3 d5 3. exd5 exd5 4. d4 Nf6 5. Be2 Bg4 6. O-O Bd6 7. h3 Be6 8.
Re1 O-O 9. Bf1 Nbd7 10. Bg5 h6 11. Bh4 Be7 12. Nbd2 Re8 13. c3 Rc8 14. Bg3 c5 {
Skaper en isolert D-bonde} 15. dxc5 Bxc5 16. Nb3 Bb6 17. Nbd4 {Svart ønsker å
angrpe f2 men sprngeren på d4 skaper en varig blokade} Nc5 18. Bb5 Re7 19. Be5
Nfd7 20. Bd6 Re8 21. Bh2 a6 22. Bf1 Bc7 23. Bxc7 Qxc7 24. Nb3 {Bytter plass på
springerne for å få dronning i aktivitet} Qb6 25. Nfd4 Nf6 26. Nxc5 Rxc5 27.
Nb3 Rc7 28. Qd4 {Satser på at den isolerte D-bonden skal gi en fordel i
sluttspillet og tilbyr dronningbytte.} Qxd4 29. Nxd4 Rce7 30. Bd3 Kf8 31. f3
Bd7 32. Rxe7 Rxe7 33. Kf2 Nh5 34. Rd1 Nf4 35. Bf1 {Fritz gir hvit en fordel på
+0.6} f5 36. g3 Nh5 37. f4 Nf6 38. Nf3 Ne4+ 39. Kg2 Nf6 40. Ne5 Be8 {Hindrer
Sg6} 41. Bd3 g6 42. Bc2 Kg7 43. Kf3 Bc6 44. Rd4 Ne4 45. Bb3 Nf6 46. Bc2 Bb5 47.
Bd3 Bc6 48. a3 $2 {Spilte a3 hurtig, men valgte feil plan.} (48. Bxa6 bxa6 49.
Nxc6 Re1 50. Rb4 Ne4 51. Rb7+ Kf8 52. g4 fxg4+ 53. hxg4 {+1.8}) 48... Nd7 49.
Nxc6 bxc6 50. Bxa6 {[%eval 96,0] Fritz gir hvit fordel på} Nf6 51. Rd2 $2 (51.
Rb4 Re6 52. Rb6 Kf7 53. Bb7 c5 54. Rxe6 Kxe6 55. a4 {[%eval 248,0]}) 51... Ne4
52. Re2 Kf6 53. Bd3 Rb7 54. Bxe4 fxe4+ 55. Ke3 c5 56. b4 cxb4 57. axb4 Rc7 58.
Rc2 Rc4 59. Kd2 Ke6 60. Ra2 $2 (60. Rb2 {+.1.43 med tanken om å dytte fram
b-bonden}) 60... d4 61. Ra6+ Kd5 62. Ra5+ Kc6 63. cxd4 Rxd4+ 64. Ke3 Rxb4 65.
Ra6+ Kd5 66. Rxg6 {Og her er stillingen kliss remis} Rb3+ 67. Ke2 Kd4 68. Rd6+
Kc5 69. Rg6 Kd4 70. Rd6+ Kc5 71. Rg6 1/2-1/2

[Event "Høstturneringen 2016 (Follo 20 år)"]
[Site "Ås, Akershus NOR"]
[Date "2016.10.20"]
[Round "6"]
[White "Sandvik, Sander"]
[Black "Lange, Magnus Øyvind"]
[Result "1/2-1/2"]
[WhiteElo "1127"]
[BlackElo "843"]
[PlyCount "67"]
[EventDate "2016.09.01"]

1. e4 e5 2. Nf3 Nc6 3. c3 d6 4. d4 Bg4 5. Be2 Nf6 6. Qd3 a6 7. Be3 Ne7 8. Nbd2
Ng6 9. h3 Bxf3 10. Nxf3 Be7 11. Ng5 h6 12. Nf3 Nd7 13. O-O c6 14. Nd2 Bg5 15.
Nc4 Be7 16. Bg4 b5 17. Bxd7+ Kxd7 18. Nd2 Ke8 19. f4 exf4 20. Bxf4 Bg5 21. Bh2
Qe7 22. Rf5 Kf8 23. Nf3 Bf6 24. e5 dxe5 25. dxe5 Qc5+ 26. Kh1 Rd8 27. Qc2 Ne7
28. exf6 Nxf5 29. fxg7+ Nxg7 30. Be5 Re8 31. b4 Qd5 32. Bd4 Qe4 33. Qb3 Qe6 34.
Qc2 1/2-1/2

[Event "Høstturneringen 2016 (Follo 20 år)"]
[Site "Ås, Akershus NOR"]
[Date "2016.10.20"]
[Round "6"]
[White "Samset, Jon"]
[Black "Midtgard, Anders"]
[Result "1-0"]
[WhiteElo "1077"]
[BlackElo "1105"]
[PlyCount "39"]
[EventDate "2016.09.01"]

1. Nf3 Nf6 2. g3 g6 3. b3 Bg7 4. Bb2 O-O 5. Nc3 Nd5 6. Bg2 b6 7. O-O Bb7 8. Rb1
a5 9. d4 Nxc3 10. Bxc3 c5 11. e3 Nc6 12. Qd2 Qc7 13. dxc5 bxc5 14. Bxg7 Kxg7
15. Qc3+ Kg8 16. Qxc5 d6 17. Qg5 Nb4 18. Qh6 Qxc2 19. Ng5 Qxf2+ 20. Rxf2 1-0

[Event "Høstturneringen 2016 (Follo 20 år)"]
[Site "Ås, Akershus NOR"]
[Date "2016.11.01"]
[Round "6"]
[White "Fuglseth, Jan"]
[Black "Furnes, Torstein"]
[Result "0-1"]
[WhiteElo "1478"]
[BlackElo "1610"]
[PlyCount "36"]
[EventDate "2016.09.01"]

1. c4 e5 2. Nc3 Nf6 3. Nf3 Nc6 4. g3 d5 5. cxd5 Nxd5 6. Bg2 Nxc3 7. bxc3 Bc5 (
7... e4 $5 {er et interessant alternativ.} 8. Ng1 f5) 8. O-O O-O 9. d3 (9. Nxe5
Nxe5 10. d4 Bd6 11. dxe5 Bxe5 {er førstevalget til Fritz 11.}) 9... Bg4 10. Rb1
({Igjen er} 10. Nxe5 Nxe5 11. d4 Bd6 12. dxe5 Bxe5 {en mulighet.}) 10... Bb6
11. Qc2 Qd7 12. c4 Bxf3 13. exf3 Nd4 14. Qd2 Rad8 15. Bb2 Qf5 16. f4 $6 $17
exf4 17. Be4 $2 $19 {Taper offiser. De to førstevalgene til Fritz er} (17. Bxb7
fxg3 18. hxg3 Nf3+ 19. Bxf3 Rxd3 20. Qc2 Qxf3 21. c5 Rd5 22. Qc3 Qxc3 23. Bxc3
Bxc5) (17. Bxd4 Rxd4 18. Rb5 Qxd3 19. Qxd3 Rxd3 20. Bxb7) 17... Qxe4 $1 18.
Bxd4 (18. dxe4 Nf3+ 19. Kg2 Nxd2) 18... Qxd4 0-1